000 00828nam a2200229 a 4500
001 BRCA_1160
005 20190320203317.0
008 910720s1981 mx-a---###---#000-0#spa-#
020 _a9687108126
040 _aDLC
_cDLC
050 4 _aF1391.P8
_b.L98 1981
245 1 0 _aPuebla monumental
_cfotos de Adalberto Luyando ; textos de Xavier Moyssén y Efraín Castro Morales.
260 _aMéxico
_bFomento Cultural Banamex
_c1981
300 _a49 p.
_bil.
_c30 cm.
650 1 4 _aArquitectura
_xTrabajos Ilustrados
_zMéxico
_92480
650 1 4 _aMonumentos históricos
_xTrabajos Ilustrados
_zMéxico
_93837
651 4 _aPuebla (México)
_xHistoria
_9409
651 4 _aPuebla (México)
_xEdificios, estructuras, etc.
_93182
700 1 _aMoyssén Echeverría, Xavier
_9801
700 1 _aCastro Morales, Efraín
_93838
942 _2lcc
_cB
999 _c1037
_d1037